L'État, quand même (notice n° 1799115)
[ vue normale ]
| 000 -LEADER | |
|---|---|
| fixed length control field | 01423cam a2200145 4500500 |
| 005 - DATE AND TIME OF LATEST TRANSACTION | |
| control field | 20260329000811.0 |
| 041 ## - LANGUAGE CODE | |
| Language code of text/sound track or separate title | fre |
| 042 ## - AUTHENTICATION CODE | |
| Authentication code | dc |
| 100 10 - MAIN ENTRY--PERSONAL NAME | |
| Personal name | Le Bris, Raymond-François |
| Relator term | author |
| 245 00 - TITLE STATEMENT | |
| Title | L'État, quand même |
| 260 ## - PUBLICATION, DISTRIBUTION, ETC. | |
| Name of publisher, distributor, etc. | Odile Jacob,<br/> |
| Date of publication, distribution, etc. | 2005.<br/> |
| 520 ## - SUMMARY, ETC. | |
| Summary, etc. | Comment pallier les insuffisances de l'État ? Quelles voies choisir pour les surmonter ? Quel projet présenter aux agents publics pour qu'ils adhèrent à l'ambition d'une administration plus soucieuse du citoyen, plus efficace, plus transparente ? Comment mieux tirer parti des initiatives qui réussissent ? À la lumière de sa longue expérience et des combats qu'il a menés, Raymond-François Le Bris livre son regard sur cet État qui, malgré les critiques, doit rester le garant de notre unité, de notre sécurité, de notre cohésion, de nos valeurs partagées. La réforme de l'État est nécessaire. Elle est attendue. Elle est possible ! Préfet honoraire, agrégé des facultés de droit et de sciences économiques, Raymond-François Le Bris a notamment été directeur général de la chambre de Commerce et de l'Industrie de Paris et directeur de l'École nationale d'administration. Michel Schifres est journaliste. Il est vice-président du comité éditorial du Figaro. |
| 700 10 - ADDED ENTRY--PERSONAL NAME | |
| Personal name | Schifres, Michel |
| Relator term | author |
| 856 41 - ELECTRONIC LOCATION AND ACCESS | |
| Uniform Resource Identifier | <a href="https://shs.cairn.info/l-etat-quand-meme--9782738115768?lang=fr&redirect-ssocas=7080">https://shs.cairn.info/l-etat-quand-meme--9782738115768?lang=fr&redirect-ssocas=7080</a> |
Pas d'exemplaire disponible.




Réseaux sociaux